000 01661nam0a2200421 4500
001 RU\NLR\BIBL_A\022136554
005 20240321161718.0
010 _a978-5-6048481-5-9
_9450
021 _aRU
_bАЛ-П-23-01165и
_9АЛ-П-23-0245
035 _a(NLR Aleph) 022136554
035 _a(RuMoRGB)012472793
090 _a12851923
_c12851923
100 _a20240213d2023 u y0rusy50 ca
101 0 _arus
102 _aRU
105 _aa t 000ay
181 0 _ab3
_bbb2e
181 0 _ai1
_baxxe
182 0 _an
200 1 _aТвари во тьме
_e[комикс]
_fMargOlis
_g[рисунок - Olis]
203 _aИзображение
_aТекст
_bвизуальные
_cнепосредственные
210 _aМосква
_cКомикс Паблишер
_d2023
215 _a[24] с.
_cил.
_d26
300 _aОписано по обл.
300 _aНа 2-й с. обл.: сюжет и рис. - MargOlis (Margo - Хватова Маргарита и Olis - Поликарпова Ольга)
311 _aСингл "Твари во тьме" - первая работа цикла комиксов "Твари"
333 _a12+
488 0 _12001#$aТвари$eцикл
675 _a821.161.1-3
_v4
686 0 _aЩ153(2Р=Рус)8-475
686 2 _aШ6(2=Р)8-499
700 0 _aMargOlis
_cколлектив. псевдоним
_3RU\NLR\AUTH\770255393
702 0 _aПоликарпова
_bО.
_cхудожник
_f1995-
_gОльга
_3RU\NLR\AUTH\770209281
_4040
942 _cBOOK
980 _aNB